| 000 | 005800000a22002170004500 | ||
|---|---|---|---|
| 003 | LK-CoMWRAF | ||
| 005 | 20230824111827.0 | ||
| 008 | 230817t1995 ||||| |||| 00| 0 eng d | ||
| 020 | _a0816624380 | ||
| 040 |
_aLK-CoMWRAF _dLK-CoMWRAF _eLK-CoMWRAF |
||
| 041 | _aeng | ||
| 082 |
_a305.420 _bMER |
||
| 100 | _aMernissi, Fatima | ||
| 242 | _aLakeland, Mary Jo | ||
| 245 | _aThe Forgotten Queens of Islam | ||
| 260 |
_aUSA _bUniversity of Minnesota Press _c1993 |
||
| 300 | _a229 p | ||
| 650 | _aQueens-Islamic countries | ||
| 650 | _a Islamic countries-History | ||
| 942 | _cBK | ||
| 999 |
_c393 _d393 |
||